Maailman vahvin mies -kilpailun voittajat - Statistics

Yleistilastot
  • Tätä visaa on pelattu 20 kertaa
  • Keskiarvotulos 16 / 43
Vastaustilastot
Vuosi Kansalaisuus Voittaja % Oikein
1999 Suomi Jouko Ahola
86%
1997 Suomi Jouko Ahola
86%
2017 Yhdistynyt Kuningaskunta Eddie Hall
71%
2016 Yhdysvallat Brian Shaw
64%
2015 Yhdysvallat Brian Shaw
64%
2013 Yhdysvallat Brian Shaw
64%
2011 Yhdysvallat Brian Shaw
64%
2000 Suomi Janne Virtanen
57%
1990 Islanti Jón Páll Sigmarsson
43%
1988 Islanti Jón Páll Sigmarsson
43%
1986 Islanti Jón Páll Sigmarsson
43%
1984 Islanti Jón Páll Sigmarsson
43%
1979 Yhdysvallat Don Reinhoudt
36%
1985 Yhdistynyt Kuningaskunta Geoff Capes
36%
1983 Yhdistynyt Kuningaskunta Geoff Capes
36%
2018 Islanti Hafþór Júlíus Björnsson
36%
1998 Ruotsi Magnus Samuelsson
36%
1996 Islanti Magnús Ver Magnússon
36%
1995 Islanti Magnús Ver Magnússon
36%
1994 Islanti Magnús Ver Magnússon
36%
1991 Islanti Magnús Ver Magnússon
36%
2001 Norja Svend Karlsen
36%
1992 Alankomaat Ted van der Parre
36%
2014 Liettua Žydrūnas Savickas
36%
2012 Liettua Žydrūnas Savickas
36%
2010 Liettua Žydrūnas Savickas
36%
2009 Liettua Žydrūnas Savickas
36%
1982 Yhdysvallat Bill Kazmaier
29%
1981 Yhdysvallat Bill Kazmaier
29%
1980 Yhdysvallat Bill Kazmaier
29%
2008 Puola Mariusz Pudzianowski
29%
2007 Puola Mariusz Pudzianowski
29%
2005 Puola Mariusz Pudzianowski
29%
2003 Puola Mariusz Pudzianowski
29%
2002 Puola Mariusz Pudzianowski
29%
1978 Yhdysvallat Bruce Wilhelm
21%
1977 Yhdysvallat Bruce Wilhelm
21%
1989 Yhdistynyt Kuningaskunta Jamie Reeves
21%
2019 Yhdysvallat Martins Licis
21%
2020 Ukraina Oleksii Novikov
21%
2006 Yhdysvallat Phil Pfister
21%
1993 Yhdistynyt Kuningaskunta Gary Taylor
14%
2004 Ukraina Vasyl Virastyuk
7%
Ehtoja vastaavia visoja ei löytynyt
Tulosjakauma
Jokaisen tuloksen saaneiden osuus
Persentiili vastausten määrän mukaan
Tuloshistoriasi
Et ole pelannut tätä visaa